| 000 | 00948nas a2200313 4500 | ||
|---|---|---|---|
| 001 | BR2015000692 | ||
| 003 | BR-BrBNA | ||
| 005 | 20231205125002.0 | ||
| 007 | ta | ||
| 008 | 230509b bl.|||p| |||| 00| 00por d | ||
| 040 |
_aBR-BrBNA _bpor _cBiblioteca Nacional de Agricultura |
||
| 041 | _a(En) | ||
| 072 | _aF30; L02 | ||
| 100 | 1 | _aAguilar, P.B. de | |
| 100 | 1 | _aPires, D.A. de A. | |
| 100 | 1 | _aFrota, B.C.B. | |
| 100 | 1 | _aRodrigues, J.A.S. | |
| 100 | 1 | _aReis, S.T. dos | |
| 100 | 1 | _aRocha Júnior, V.R. | |
| 245 | 1 | _aNutritional characteristics of BMR mutant and normal sorghum genotypes used for cutting and grazing | |
| 650 | _aSORGO | ||
| 650 | _aGENÓTIPO | ||
| 650 | _aPASTEJO | ||
| 650 | _aFORRAGEM | ||
| 650 | _aMUTAÇÃO | ||
| 773 | 0 |
_tActa Scientiarum. Animal Sciences (Brazil) _xISSN 1806-2636 _g(Jul-Sep 2014), v. 36(3) p. 259-264 _wBR2015000692 |
|
| 909 |
_a202311 _bLúcia _c55 _dLúcia Elande |
||
| 942 |
_2AGRIS _n0 _cANA |
||
| 999 |
_c241994 _d241994 |
||